Statistiques concernant Films cultes des années 1980

Cliquez ici pour prendre le quiz!

Statistiques générales

  • Ce quiz a été pris 305 fois
  • Le résultat moyen est 12 sur 20

Statistiques - réponses

DescriptionFilm% Correct
1980Un planète glacée, des vaisseaux, des épées lumineuses, un père et son filsStar Wars, épisode V :
L'Empire contre-attaque
91%
1981Un alien oublié sur Terre tente désespérément de rentrer chez luiE.T., l'extra-terrestre
89%
1981Un archéologue doit retrouver une relique sainte avant les nazisLes Aventuriers de
l'Arche perdue
87%
1980
Un écrivain emmène sa famille passer l'hiver dans un étrange hôtel
Shining
78%
1984Un robot voyage dans le temps pour tuer une femme enceinteTerminator
75%
1987Une jeune fille sage va faire la rencontre d'un charmant professeur de danseDirty Dancing
72%
1985
Un jeune homme voyage dans le temps pour empêcher l'assassinat de son ami
Retour vers le futur
67%
1984Des professeurs farfelus se lancent dans la capture d'ectoplasmesSOS Fantômes
65%
1986
Un as du pilotage perfectionne ses techniques de vol et de drague
Top Gun
65%
1989Une jeune fille échange sa voix contre des jambesLa Petite Sirène
60%
1982
Des écoutants de SOS-amitié reçoivent la visite de marginaux en détresse
Le père Noël est une
ordure
58%
1984
1 drôle d'animal de compagnie, 3 règles à respecter, et beaucoup de dégâts
Gremlins
55%
1981Un alien découvre le plaisir de la gastronomie françaiseLa Soupe aux choux
54%
1988
Un lapin engage un détective privé pour suivre sa femme soupçonnée d'adultère
Qui veut la peau de
Roger Rabbit
53%
1985Des copains cherchent le butin d'un pirate pour éviter la démolition de leurs maisonsLes Goonies
51%
1987L'entraînement brutal de jeunes recrues pour partir au Viêt NamFull Metal Jacket
50%
1988Un policier tente d'arrêter des terroristes allemands qui attaquent un buildingPiège de cristal
48%
1983
L'ascension d'un jeune cubain dans le milieu de la drogue aux États-Unis
Scarface
48%
1980
Une jeune fille parisienne confie ses premiers émois à sa grand-mère
La Boum
46%
1982
Une unité de police traque des robots à l'apparence humaine
Blade Runner
27%

Distribution des résultats

Percentile par nombre de réponses

% des personnes avec chaque résultat

Votre développement - résultats

Vous n’avez pas pris ce quiz